Statistics for Country Population

Click here to take the quiz!

General Stats

  • This quiz has been taken 32 times
  • The average score is 9 of 15

Answer Stats

QuestionAnswer% Correct
Which country has more people?India
100%
Which country has more people?Tuvalu
86%
Which country has more people?Netherlands
79%
Which country has more people?Germany
71%
Which country has more people?Iraq
71%
Which country has more people?Mexico
64%
Which country has more people?Spain
64%
Which country has more people?Thailand
64%
Which country has more people?Venezuela
64%
Which country has more people?Egypt
57%
Which country has more people?Brazil
50%
Which country has more people?Indonesia
50%
Which country has more people?Sudan
43%
Which country has more people?Turkey
43%
Which country has more people?Italy
36%

Score Distribution

Percentile by Number Answered

Percent of People with Each Score

Your Score History

You have not taken this quiz